Báo cáo nghiên cứu Tỉnh Kiên Giang : Người Khmer ở đồng bằng sông Cửu Long : Những điều kiện để thoát nghèo

में बचाया:
ग्रंथसूची विवरण
स्वरूप: पुस्तक
भाषा:Undetermined
प्रकाशित: Cần Thơ Viện NC & PTHT Canh tác- Trường ĐH Cần Thơ 2003
विषय:
टैग : टैग जोड़ें
कोई टैग नहीं, इस रिकॉर्ड को टैग करने वाले पहले व्यक्ति बनें!
Thư viện lưu trữ: Trung tâm Học liệu Trường Đại học Cần Thơ
LEADER 00756nam a2200205Ia 4500
001 CTU_122617
008 210402s9999 xx 000 0 und d
082 |a 362.5 
082 |b B108 
245 0 |a Báo cáo nghiên cứu Tỉnh Kiên Giang : 
245 0 |b Người Khmer ở đồng bằng sông Cửu Long : Những điều kiện để thoát nghèo 
245 0 |c Viện NC & PTHT Canh tác- Trường ĐH Cần Thơ 
260 |a Cần Thơ 
260 |b Viện NC & PTHT Canh tác- Trường ĐH Cần Thơ 
260 |c 2003 
650 |a Vietnam 
650 |x Socioeconomic aspects 
650 |y Mekong river delta 
904 |i M.Loan 
980 |a Trung tâm Học liệu Trường Đại học Cần Thơ